The faerie queene : Disposed into twelue bookes, fashioning XII. morall vertues.

Bibliographic Details
Main Author: Spenser, Edmund, 1552?-1599
Format: eBook
Language:English
Published: London : Printed [by Richard Field] for VVilliam Ponsonbie, 1596.
Series:Early English books online.
Online Access:Connect to the full text of this electronic book

MARC

Tag First Indicator Second Indicator Subfields
LEADER 00000nam a2200000 4500
001 in00004217618
005 20200807081642.0
006 m g d
007 cr bn |||a|bb|
008 920522s1596 enk o 00| | eng d
035 |a (UnM)99852958 
037 |a CL0036000010  |b ProQuest. 789 E. Eisenhower Parkway, Ann Arbor, MI 48108-3218 
040 |a Cu-RivES  |c Cu-RivES  |d CStRLIN  |e dcrb  |d WaOLN 
100 1 |a Spenser, Edmund,  |d 1552?-1599. 
245 1 4 |a The faerie queene :  |b Disposed into twelue bookes, fashioning XII. morall vertues. 
246 2 |a Second part of The faerie queene. 
260 |a London :  |b Printed [by Richard Field] for VVilliam Ponsonbie,  |c 1596. 
300 |a 1 online resource ([2], 590; 518 pages :  |b illustrations (woodcut) 
336 |a text  |b txt  |2 rdacontent 
337 |a computer  |b c  |2 rdamedia 
338 |a online resource  |b cr  |2 rdacarrier 
500 |a In verse. 
500 |a Printer's name from STC. 
500 |a "The second part of The faerie queene" has separate dated title page, pagination, and register. 
500 |a This edition omits the sonnets at the end of the 1590 edition. 
500 |a Reproduction of the original in the Henry E. Huntington Library and Art Gallery. 
510 4 |a STC (2nd edition)  |c 23082. 
533 |a Electronic reproduction.  |b Ann Arbor, Mich. :  |c UMI,  |d 1999-  |f (Early English books online)  |n Digital version of: (Early English books, 1475-1640 ; 332:5)  |7 s1999 miun s 
830 0 |a Early English books online. 
856 4 0 |u http://proxy.library.tamu.edu/login?url=https://search.proquest.com/docview/2240896270  |z Connect to the full text of this electronic book  |t 0 
999 f f |s 5ee822d5-5802-377f-aca8-7974d5b1d65e  |i 5409b1e2-1654-3380-bc0d-1b6eba43a4f7  |t 0 
952 f f |a Texas A&M University  |b College Station  |c Electronic Resources  |d Available Online  |t 0  |h No information provided 
998 f f |t 0  |l Available Online